00330nam a2200121 450000500170000002000180001708200190003508400250005410000180007924500550009726000450015230000110019720250924102143.0 a9789360619947 a001.42 ALB/D 2Colon Classification aAlbery, James aData analysis in business research /cJames Albery aNew Delhi : bPinakin Publishing,c2025. a240p.: